000 00562nam a2200157 i 4500
001 26378
003 ES-MaACL
005 20230906153431.0
007 t|
008 030109s1881 sp ||||1| spa d
100 1 _aArtigas y Teixidor, Primitivo.
_923476
245 1 4 _aLos torrentes de Barcelonnette (Bajos-Alpes) /
_cPrimitivo Artigas y Teixidor.
260 _aMadrid :
_b[s.n.],
_c1881 (
_fImp. de Moreno y Rojas)
300 _a16 p. ;
_c24 cm.
852 _aES-MaACL
_jT-831-F-10
_z.- Enc. en un vol. facticio conservando la enc. original
_z.- Ded. ms. del autor
999 _c26378
_d26378